000 00822cam a2200253 a 4500
005 20031230185550.0
008 940308s1993 enkab b 001 0 eng
010 _aENG-101678
020 _c195.00
_a9788184000535
035 _aEN-85211
037 _bDBAD/PUB
040 _adpl
_bEng
082 _a823
100 1 _922405
_aMohsin, Moni
245 1 0 _aThe diary of a social butterfly /
_cby Moni Mohsin
260 _aNoida
_bRandom House India
_c2009
270 _aMind Mill Corporate Tower, 2nd Floor, Plot No 24A Sector 16A,
_bNoida
_e201301
300 1 _a228p.
_c20cm (pbk)
650 0 _922448
651 _922481
700 _922431
942 _2ddc
_cEN
_mMOH
_h823
999 _c48286
_d48286